[Event "87th Tata Steel Masters 2025"]
[Site "Wijk aan Zee"]
[Date "2025.01.29"]
[Round "10.3"]
[White "Praggnanandhaa, Rameshbabu"]
[Black "Fedoseev, Vladimir"]
[Result "1-0"]
[WhiteElo "2741"]
[BlackElo "2717"]
[Annotator "Chessbase - Stockfish 17"]
[PlyCount "89"]
[EventDate "2025.??.??"]
[EventCountry "NED"]

{[%evp 12,89,50,43,35,33,86,83,98,85,100,93,132,70,95,92,82,85,111,100,109,74,83,95,85,87,80,73,125,109,131,130,156,156,160,126,141,156,160,64,110,118,151,142,114,111,89,105,91,49,56,0,74,88,160,166,318,322,312,159,166,153,209,200,279,261,279,248,455,372,587,566,859,918,29987,29988,29988,29989,29989,29990]} 1. d4 d5 2. c4 e6 3. Nc3 c5 4. cxd5 exd5 5. Nf3 Nf6 6. Bg5 Be6 7. e3 c4 {7...c4 is better than 7...Nc6. D32: Tarrasch Defence: Sidelines and lines without g3.} 8. Bxf6 (8. Be2 Bb4 9. O-O O-O 10. Ne5 Qa5 11. Bxf6 gxf6 12. Ng4 Nd7 13. Qc2 Rad8 14. f4 Bxc3 15. bxc3 f5 16. Rab1 fxg4 17. f5 Nf6 18. fxe6 fxe6 19. Rf4 Ne4 20. Rxg4+ Kh8 21. Rxb7 Qxc3 22. Qxc3 Nxc3 {Giri,A (2768)-Abdusattorov,N (2731) chess.com INT 2023 ½-½}) ({RR} 8. Be2 Bb4 9. O-O O-O 10. Ne5 Qa5 11. Bxf6 gxf6 12. Ng4 Nd7 13. Qc2 Rad8 14. f4 Bxc3 15. bxc3 f5 16. Rab1 fxg4 17. f5 Nf6 18. fxe6 fxe6 19. Rf4 Ne4 20. Rxg4+ Kh8 21. Rxb7 Qxc3 22. Qxc3 Nxc3 {Giri,A (2768)-Abdusattorov,N (2731) chess.com INT 2023 ½-½}) ({RR} 8. Be2 Bb4 9. O-O O-O 10. Ne5 Qa5 11. Bxf6 gxf6 12. Ng4 Nd7 13. Qc2 Rad8 14. f4 Bxc3 15. bxc3 f5 16. Rab1 fxg4 17. f5 Nf6 18. fxe6 fxe6 19. Rf4 Ne4 20. Rxg4+ Kh8 21. Rxb7 Qxc3 22. Qxc3 Nxc3 {Giri,A (2768)-Abdusattorov,N (2731) chess.com INT 2023 ½-½}) 8... gxf6 (8... Qxf6 $14 9. a3 Nc6) 9. g3 $146 (9. a3 Qa5 10. g3 Nc6 11. Bg2 Be7 12. Ng1 f5 13. Nh3 Bd6 14. O-O Ne7 15. Qc2 h5 16. Nf4 Bxf4 17. gxf4 Ng6 18. Bh3 Rg8 19. Kh1 Ne7 20. Rg1 O-O-O 21. Qe2 h4 22. Qc2 Kb8 23. Ne2 b5 {Poltorak,S (2392)-Yatskar,M (2066) Berlin GER 2024 1-0 (60)}) ({RR} 9. a3 Qa5 10. g3 Nc6 11. Bg2 Be7 12. Ng1 f5 13. Nh3 Bd6 14. O-O Ne7 15. Qc2 h5 16. Nf4 Bxf4 17. gxf4 Ng6 18. Bh3 Rg8 19. Kh1 Ne7 20. Rg1 O-O-O 21. Qe2 h4 22. Qc2 Kb8 23. Ne2 b5 {Poltorak,S (2392)-Yatskar,M (2066) Berlin GER 2024 1-0 (60)}) ({RR} 9. a3 f5 10. g3 Bd6 11. Qc2 Nc6 12. Bg2 O-O 13. O-O Rb8 14. Nh4 Ne7 15. f3 Bc7 16. Kh1 b5 17. e4 f4 18. e5 f6 19. gxf4 f5 20. Qf2 Kh8 21. Rg1 a5 22. Bh3 b4 23. Na4 Bb6 {Smolik,J (2375)-Kozlovic,J (2317) St. Veit an der Glan AUT 2026 ½-½ (41)}) ({RR} 9. a3 Qa5 10. g3 Nc6 11. Bg2 Be7 12. Ng1 f5 13. Nh3 Bd6 14. O-O Ne7 15. Qc2 h5 16. Nf4 Bxf4 17. gxf4 Ng6 18. Bh3 Rg8 19. Kh1 Ne7 20. Rg1 O-O-O 21. Qe2 h4 22. Qc2 Kb8 23. Ne2 b5 {Poltorak,S (2392)-Yatskar,M (2066) Berlin GER 2024 1-0 (60)}) ({RR} 9. a3 f5 10. g3 Bd6 11. Qc2 Nc6 12. Bg2 O-O 13. O-O Rb8 14. Nh4 Ne7 15. f3 Bc7 16. Kh1 b5 17. e4 f4 18. e5 f6 19. gxf4 f5 20. Qf2 Kh8 21. Rg1 a5 22. Bh3 b4 23. Na4 Bb6 {Smolik,J (2375)-Kozlovic,J (2317) St. Veit an der Glan AUT 2026 ½-½ (41)}) 9... Bb4 {White is better.} 10. Bg2 Nc6 11. O-O O-O 12. Ne2 {[%csl Yf6,Yf7,Yh7] Black has weak pawns} (12. Nh4 $16) 12... Rc8 13. Nh4 Kh8 14. a3 Be7 15. e4 Rg8 16. Re1 Bf8 17. Qc2 b5 18. Rad1 Ne7 {[%cal Yc6e7,Ye7d5,Yd5f4][%mdl 32]} 19. Nc3 a6 $6 {Inaccuracy. Bg4 was best.} (19... Qd7) (19... Bg4) 20. exd5 {[%csl Yd5] White has a strong passed pawn} Nxd5 21. Be4 {White is more active.} Nf4 $6 {Inaccuracy. Nxc3 was best.} (21... Nxc3 22. bxc3 Rg5 23. Nf5 Qd7 24. Ne3 Bh3 25. f4 Rg7 26. Ra1 Rd8 27. Kf2) 22. Bxh7 Rg5 23. Be4 {[%cal Yd4d5]} Qd7 24. Kh1 Rh5 25. Bf3 $6 {Inaccuracy. f3 was best.} (25. f3) 25... Rh6 (25... Bg4 $1 $14 {was preferable.} 26. Qe4 Bd6) 26. d5 Bh3 {[%cal Yf6f5]} 27. Be4 $1 Rh5 {Dodges Bf5} 28. Ne2 Nxe2 29. Qxe2 Re5 {And now ...Rce8 would win.} 30. f4 Bg4 31. Qf1 (31. Qg2 $14 Ree8 32. Bf3) 31... Rh5 $6 {Inaccuracy. Rxe4 was best.} (31... Rxe4 32. Rxe4 Bxd1 33. Qxd1 Kg8 34. Kg2 Rd8 35. d6 Qxd6 36. Qg4+ Kh7 37. Qh5+) 32. Bf3 $36 {[%cal Yd5d6][%mdl 2048] White is in control.} c3 $2 {Mistake. Bh3 was best.} (32... Bh3 33. Qf2 Rh6) 33. bxc3 Rxc3 $2 {Mistake. Bh3 was best.} (33... Bd6 34. Qe2 Bxf3+ 35. Qxf3 Rh7) (33... Bh3 34. Qd3 Rh6 35. Be4 Rh5 36. Qe2 Rh6 37. d6 Bg4 38. Bf3 Bxf3+ 39. Qxf3) 34. Bxg4 $18 Qxg4 35. Qe2 $6 {Inaccuracy. d6 was best.} (35. d6 Qd7 36. Qe2 Qc6+ 37. Ng2 Rd5 38. Rxd5 Qxd5 39. Rd1 Qe6 40. Qxe6 fxe6) 35... Qxe2 $16 36. Rxe2 Bd6 (36... Rc7 $16) 37. Re8+ $1 $18 Kh7 $6 {[%cal Yf6f5] Inaccuracy. Kg7 was best.} (37... Kg7 38. Rd8) 38. Rd8 Bxf4 39. d6 Bxg3 $2 {[#]} (39... Rc1 {might work better.} 40. Rxc1 Bxc1) 40. d7 $1 (40. hxg3 Rxg3 41. Rd4 (41. Kh2 $2 Rg4 $17) 41... Rh3+ (41... Rxa3 $2 42. d7 $18) 42. Kg2 R3xh4 (42... R5xh4 43. Rd1) 43. Rxh4 Rxh4) 40... Rxh4 $2 {Mistake. Bxh2 was best. [#]} (40... Bxh4 $2 41. Rc8 f5 42. Rxc3 $18) (40... Bxh2 41. Rh8+ Kxh8 42. d8=Q+ (42. d8=B $2 Be5 $19) 42... Kg7 43. Rd4 Rc4 44. Rxc4 bxc4 45. Qd4 Bd6 46. Qxc4) 41. Rc8 $1 (41. Rh8+ $2 Kxh8 42. d8=Q+ Kg7 $19) 41... Rxh2+ 42. Kg1 Rxa3 $6 {Inaccuracy. Rhc2 was best.} (42... Rhc2 43. Rxc3 Rxc3 44. d8=Q Be5 45. Rd7 a5 46. Qf8 Kg6 47. Qxf7+ Kf5 48. Qh7+) 43. d8=Q {White mates.} (43. d8=R $2 Rb2 44. Rh8+ Kg6 $17) 43... Be5 44. Qg8+ Kh6 45. Qf8+ {Weighted Error Value: White=0.15 (very precise) /Black=0.54 Mistake: 	White=4 	Black=9 Inaccurate: 	White=2 	Black=5 OK: 	White=12 	Black=10 Best: 	White=3 	Black=2 Strong: 	White=4 	--- Precisão Stockfish 17: Brancas 94% Pretas 88% Precisão Chess.com: Brancas 89.8% Pretas 80.1%} (45. Qxf7 Rg3+ 46. Kf1 Rh1+ 47. Ke2 Rh2+ 48. Kf1 Rh1+ 49. Kf2 Rh2+ 50. Kf1) 1-0

[Event "FRA-chT Poule Haute"]
[Site "France"]
[Date "2003.05.09"]
[Round "10.1"]
[White "Nikolic, Predrag"]
[Black "Grischuk, Alexander"]
[Result "1/2-1/2"]
[WhiteElo "2643"]
[BlackElo "2712"]
[Annotator "Ftacnik,Lubomir"]
[PlyCount "72"]
[EventDate "2003.05.07"]
[EventType "team-tourn"]
[EventRounds "4"]
[EventCountry "FRA"]
[SourceTitle "CBM 095"]
[Source "ChessBase"]
[SourceDate "2003.07.25"]
[SourceVersion "1"]
[SourceVersionDate "2003.07.25"]
[SourceQuality "1"]
[WhiteTeam "Nice"]
[BlackTeam "Paris NAO"]
[WhiteTeamCountry "FRA"]
[BlackTeamCountry "FRA"]

1. d4 d5 2. c4 e6 3. Nf3 c5 4. cxd5 exd5 5. g3 Nf6 6. Bg2 Be7 7. O-O O-O 8. dxc5 Bxc5 9. Nc3 Nc6 10. Bg5 d4 11. Ne4 Be7 12. Bxf6 Bxf6 13. Rc1 Re8 14. Ne1 Bf5 ({RR} 14... Be7 15. Nd3 Bf8 16. Qd2 a5 17. Rfd1 Bg4 18. Ndc5 Bxc5 19. Rxc5 Qe7 20. h3 Bxe2 21. Re1 d3 22. Qc3 Rad8 23. Nd2 Nd4 24. Qxa5 h6 25. Rc3 b6 26. Qa6 Qg5 27. Rxd3 Qg6 28. Bf1 Qxd3 29. Qxd3 {Nikolic,P (2490)-Kasparov,G (2690) Niksic 1983 0-1 (71)}) ({RR} 14... Be7 15. Nd3 Bf8 16. Qd2 a5 17. Rfd1 Bg4 18. Ndc5 Bxc5 19. Rxc5 Qe7 20. h3 Bxe2 21. Re1 d3 22. Qc3 Rad8 23. Nd2 Nd4 24. Qxa5 h6 25. Rc3 b6 26. Qa6 Qg5 27. Rxd3 Qg6 28. Bf1 Qxd3 29. Qxd3 {Nikolic,P (2490)-Kasparov,G (2690) Niksic 1983 0-1 (71)}) 15. Nc5 Qb6 16. Ned3 Rac8 17. a3 $146 {Two bishops and active pieces slightly favour black in this position, white has no active plan.} ({RR} 17. Re1 h5 18. h4 Nb4 19. Qa4 Nxd3 20. Nxd3 g6 21. b4 Kg7 22. Rxc8 Rxc8 23. Nc5 Rc7 24. Bf3 Be7 25. Rc1 Bxc5 26. bxc5 Qb2 27. Rd1 Rxc5 28. Qxa7 b6 29. Qa4 Be6 30. Qxd4+ Qxd4 31. Rxd4 Bxa2 {Smejkal,J (2545)-Chandler,M (2515) Germany 1984 0-1 (51)}) ({RR} 17. Re1 h5 18. h4 Nb4 19. Qa4 Nxd3 20. Nxd3 g6 21. b4 Kg7 22. Rxc8 Rxc8 23. Nc5 Rc7 24. Bf3 Be7 25. Rc1 Bxc5 26. bxc5 Qb2 27. Rd1 Rxc5 28. Qxa7 b6 29. Qa4 Be6 30. Qxd4+ Qxd4 31. Rxd4 Bxa2 {Smejkal,J (2545)-Chandler,M (2515) Germany 1984 0-1 (51)}) 17... Bg5 18. Rc4 Qb5 19. b3 (19. Rc2 a5 $15) 19... Be7 (19... a5 20. Re1 Rc7 $15) 20. Qc1 Na5 $5 (20... Bxd3 21. Nxd3 Qxb3 22. Bxc6 bxc6 (22... Bxa3 $2 23. Bxe8 Rxc4 24. Bxf7+ Kxf7 25. Ne5+ $18) 23. Rxc6 Ra8 24. Qa1 Qa4 25. Rfc1 Bxa3 26. Qa2 $11) (20... Ne5 21. a4 (21. Nxe5 Rxc5 22. Nf3 Rxc4 23. bxc4 Qc5 24. Rd1 Bf6 25. Qd2 Rd8 26. Qb4 b6 $15) 21... Qb6 22. Nxe5 Rxc5 23. Qf4 Be6 24. Rxc5 Bxc5 25. Nd3 Be7 $15) 21. Rb4 Bxd3 22. Rxb5 Bxb5 23. b4 Bxc5 $6 {[%mdl 64] Grischuk started a magnificent combination, but unfortunatelly this move is not the best. White was already facing serious problems after the unpleasant 23...xe2.} (23... Bxe2 24. Bh3 $5 (24. Re1 d3 25. Nxd3 (25. Qf4 Bxc5 26. Bd5 Red8 27. Bxf7+ Kh8 28. Qd2 Bd4 29. Rxe2 dxe2 30. Qxe2 Rf8 $19) (25. Qd2 Nc4 26. Qc3 Bxc5 27. bxc5 d2 $19) 25... Rxc1 (25... Bxd3 26. Qd1 Ba6 27. bxa5 $14) 26. Nxc1 Ba6 27. bxa5 Kf8 $17) 24... Rcd8 (24... Rxc5 25. bxc5 Bxf1 26. Bxf1 Rd8 27. Qc2 Nc6 $11) 25. Bd7 d3 26. bxa5 (26. Nxd3 Rxd7 27. bxa5 Rxd3 28. Re1 Red8 $19) (26. Bxe8 d2 27. Qc2 Bxf1 28. Bd7 Bxc5 29. Qxd2 Bh3 30. bxc5 Rxd7 $19) 26... Rf8 27. Ba4 Rc8 28. Re1 Bxc5 $17) 24. Bh3 $1 (24. bxc5 Bxe2 25. Re1 d3 26. Qc3 Rcd8 (26... Nc4 27. Bxb7 Rcd8 28. Bc6 (28. Ra1 d2 29. h3 Rd3 30. Qb4 Rxa3 $19) 28... d2 29. Bxe8 dxe1=Q+ 30. Qxe1 Rd1 $19) 27. Bf1 d2 28. Bxe2 dxe1=Q+ 29. Qxe1 Nc6 30. Qf1 Nd4 31. Bg4 Re5 $17) 24... Rc7 (24... Nb3 25. Qb2 (25. Qd1 Rcd8 26. bxc5 Nxc5 27. Re1 Ne4 28. Bg4 $11) 25... Rc7 26. bxc5 Bc4 27. Bg4 $11) 25. Qf4 Rce7 (25... Bb6 26. bxa5 Bxa5 27. Qf5 a6 28. a4 g6 29. Qd5 Bxe2 30. Qxa5 Bxf1 31. Kxf1 $16) 26. bxc5 Nc6 (26... Bxe2 27. Qxd4 Bxf1 28. Kxf1 Re1+ 29. Kg2 Nc6 30. Qb2 $15) 27. Bg2 Bxe2 (27... Rxe2 28. Bxc6 bxc6 29. Qxd4 R2e4 30. Qd2 $11) 28. Bxc6 $1 (28. Re1 d3 $36) 28... bxc6 29. Qxd4 Bxf1 30. Kxf1 $11 {The excitement is over and position quite even.} g6 31. Qd6 Re6 32. Qc7 R8e7 33. Qd8+ Re8 34. Qc7 R8e7 35. Qd8+ Kg7 36. Qd4+ Kg8 1/2-1/2

[Event "Bundesliga 1718"]
[Site "Germany"]
[Date "2018.02.03"]
[Round "7.5"]
[White "Edouard, Romain"]
[Black "L'Ami, Erwin"]
[Result "1/2-1/2"]
[WhiteElo "2607"]
[BlackElo "2611"]
[Annotator "Edouard,Romain"]
[PlyCount "96"]
[EventDate "2017.10.21"]
[EventType "team-tourn"]
[EventRounds "15"]
[EventCountry "GER"]
[SourceTitle "CBM 183"]
[Source "ChessBase"]
[SourceDate "2018.03.14"]
[SourceVersion "1"]
[SourceVersionDate "2018.03.14"]
[SourceQuality "1"]
[WhiteTeam "Werder Bremen"]
[BlackTeam "Solingen"]
[WhiteTeamCountry "GER"]
[BlackTeamCountry "GER"]

1. Nf3 d5 2. c4 e6 3. g3 c5 4. cxd5 exd5 5. d4 Nc6 6. Bg2 Nf6 7. O-O Be7 8. Nc3 O-O 9. dxc5 Bxc5 10. a3 $5 Ne4 {The critical move: otherwise Black is slightly worse.} (10... Be6 11. b4 Be7 12. Bb2 Rc8 (12... Ne4 13. b5 $1 Nxc3 14. Bxc3 Na5 15. Nd4 Rc8 16. Qd3 $14) 13. Rc1 $14) (10... a6 11. b4 Ba7 12. Bg5 $14) (10... Re8 11. b4 Bb6 (11... Bf8 12. Bb2 Bg4 13. h3 $14) 12. Bb2 Bf5 (12... Bg4 13. Na4 $14 {1-0 (31) Khairullin,I (2632)-Gabrielian,A (2589) Khanty-Mansiysk 2012}) 13. Na4 Be4 14. Rc1 $14) (10... a5 $6 {is ugly due to the hole on b5:} 11. Bg5 $5 $14) 11. Qc2 $5 {A very critical line and very new idea. It is even forgotten in Aagaard's excellent book on the Tarrasch Defence, I believe.} (11. Qxd5 Nxc3 12. Qxc5 Nxe2+ 13. Kh1 Nxc1 14. Raxc1 Qf6 {is fine for Black, as Aagaard points out:} 15. b4 $5 $146 Bg4 16. Nd2 $5 (16. Qc3 Qxc3 17. Rxc3 Rfd8 18. Rfc1 h6 19. b5 Bxf3 20. Bxf3 Nd4 21. Bxb7 Rab8 $11) 16... Rad8 $1 17. Ne4 Qd4 $11) (11. Nxd5 Be6 12. Nc3 (12. Ne3 f5 $1 $44) 12... Qxd1 $5 (12... Nxc3 {is usually played, but it isn't that easy for Black:} 13. bxc3 Qxd1 14. Rxd1 Rad8 $1 (14... Rfd8 15. Bf4 Rxd1+ 16. Rxd1 Bxa3 17. Nd4 $1 $14 {1-0 (81) Giri,A (2730)-Kopylov,M (2473) Germany 2012}) 15. Bf4 Rxd1+ 16. Rxd1 Bxa3 17. Nd4 Nxd4 18. cxd4 b5 $1 {The difference without a rook on a8.} 19. Bc6 $1 Bc4 20. d5 Bxe2 21. Re1 g5 $5 {Black should be able to hold:} 22. Bxg5 Bc4 23. Ra1 (23. Bf4 Rd8 24. Be3 a6 25. Ra1 Bd6 26. Rxa6 b4 27. Rb6 Rb8 28. Rxb8+ Bxb8 29. Bc5 b3 30. d6 b2 31. Be4 Ba2 32. d7 Bc7 $11) 23... Bd6 24. Rxa7 b4 25. Rd7 Be5 26. Rb7 b3 27. Be7 Rb8 28. Rxb8+ Bxb8 29. d6 b2 30. Be4 Ba2 31. d7 Bc7 $11) 13. Nxd1 Na5 14. b4 (14. Ng5 Nxg5 15. Bxg5 Nb3 16. Rb1 h6 $44) 14... Nb3 15. Rb1 Bb6 $5 16. Re1 (16. Bf4 Rfd8 17. Re1 f6 18. Be3 Nd6 $44) 16... Nxc1 17. Rxc1 Rac8 $44) 11... Nxc3 12. Qxc3 Bb6 (12... Be7 13. Nd4 (13. Be3 Bf6 14. Nd4) 13... Nxd4 (13... Bg4 14. Nxc6 bxc6 15. Qxc6 Bxe2 16. Re1 Bc4 17. Bf4 Bf6 18. Rab1 Rc8 19. Qb7 d4 20. Bh3 $1 {isn't easy for Black.}) 14. Qxd4 Be6 15. Bf4 Bf6 16. Be5 Bxe5 17. Qxe5 Qb6 18. Rfd1 $1 {and Black can't equalise!} (18. Rad1 Rac8 19. Bxd5 Bxd5 20. Rxd5 Rce8 $11 {½-½ (27) Shankland,S (2605)-Edouard,R (2657) Barcelona 2013}) 18... Rac8 19. Bxd5 Bxd5 20. Qxd5 Qxb2 21. Ra2 $1 $14) 13. b4 Bf5 $5 (13... Re8 14. Bb2 d4 15. Qd3 $1 Bg4 (15... Qf6 16. a4 $5 Nxb4 17. Qd2 a5 18. Nxd4 Rd8 19. e3 $14) 16. h3 Bh5 17. Rfd1 Bg6 18. Qd2 $14) (13... Qe8 14. Bb2 f6 15. Qd2 $14 {1-0 (54) Demuth,A (2543)-Dale,A (2390) Adelaide AUS 2017}) (13... d4 14. Qd3 $1 (14. Qd2 Bg4 15. Bb2 Qd7 16. Rad1 Rad8 17. b5 Bxf3 18. exf3 Ne5 19. Qb4 Qf5 $13 {1-0 (55) Van Kampen,R (2646)-Eckersley Waites,T (2314) England 2018}) 14... Bg4 15. Bf4 $5 $14) 14. Bb2 d4 (14... f6 15. Rfd1 $14) 15. Qd2 Re8 $146 (15... Be4 $1 {is in my opinion the best line for Black, and way to equalize against 10.c2:} 16. b5 (16. a4 a6 17. b5 Na5 18. Qb4 axb5 19. axb5 Qd5 20. Bxd4 Bxf3 21. Bxb6 Bxg2 22. Rfd1 Nc6 23. Qxf8+ Rxf8 24. Rxd5 Bxd5 25. bxc6 Bxc6 $11 {½-½ (41) Potkin,V (2666)-Moranda,W (2560) Legnica 2013}) (16. Rfd1 Qd5 17. Qg5 f5 $11) 16... Na5 17. Qb4 Rc8 18. Bxd4 Rc4 19. Bxb6 Qxb6 20. Qb2 (20. Qe7 Qxb5 $11) 20... Rc2 21. Qd4 Rxe2 $11) ({RR} 15... Qd7 16. Rad1 Rad8 17. b5 Na5 18. Nxd4 Nc4 19. Qg5 Bg6 20. Ba1 Nxa3 21. e3 h6 22. Qe5 Nc4 23. Qf4 Nd6 24. Bf3 Bc7 25. Ne2 Qxb5 26. Be5 Qb6 27. Nc3 Ne8 28. Nd5 Bxe5 29. Qxe5 Rxd5 30. Qxd5 {Bekker,S (2386)-Van der Linden,H (2074) Ghent 2025 1-0 (42)}) ({RR} 15... Be4 16. Rfd1 Qd5 17. Qf4 Rae8 18. Rac1 Re7 19. Bf1 Rfe8 20. Nd2 Bc7 21. Qh4 Qa2 22. Ba1 Bc2 23. Re1 Bg6 24. b5 Ne5 25. Qxd4 Bb6 26. Qc3 f6 27. Red1 Kh8 28. Qb3 Bf7 29. Qxa2 Bxa2 30. h3 {Beydullayeva,G (2384)-Allahverdiyeva,A (2120) Baku 2022 1-0 (38)}) ({RR} 15... Qd7 16. Rad1 Rad8 17. b5 Na5 18. Nxd4 Nc4 19. Qg5 Bg6 20. Ba1 Nxa3 21. e3 h6 22. Qe5 Nc4 23. Qf4 Nd6 24. Bf3 Bc7 25. Ne2 Qxb5 26. Be5 Qb6 27. Nc3 Ne8 28. Nd5 Bxe5 29. Qxe5 Rxd5 30. Qxd5 {Bekker,S (2386)-Van der Linden,H (2074) Ghent 2025 1-0 (42)}) ({RR} 15... Be4 16. Rfd1 Qd5 17. Qf4 Rae8 18. Rac1 Re7 19. Bf1 Rfe8 20. Nd2 Bc7 21. Qh4 Qa2 22. Ba1 Bc2 23. Re1 Bg6 24. b5 Ne5 25. Qxd4 Bb6 26. Qc3 f6 27. Red1 Kh8 28. Qb3 Bf7 29. Qxa2 Bxa2 30. h3 {Beydullayeva,G (2384)-Allahverdiyeva,A (2120) Baku 2022 1-0 (38)}) 16. Rad1 {White just wins a pawn.} Rc8 17. Qf4 $5 (17. Nxd4 Nxd4 18. Bxd4 Bxd4 19. Qxd4 Qxd4 20. Rxd4 b6 $16) 17... Bc2 18. Rd2 Be4 $2 (18... Bg6 19. Nxd4 $18) 19. Nxd4 Bxg2 $8 20. Nxc6 ({I spent all my time calculating} 20. Nf5 $1 {but then panicked when seeing} Nd4 $8 21. Bxd4 Bxf1 22. Bxg7 Bh3 {but now White has the brillant} 23. Bb2 $3 $18 {which I missed.}) 20... Bxc6 {The rest would be hopeless for Black.} 21. Rxd8 Rcxd8 22. Qg5 $6 (22. Qg4 g6 23. b5 {was probably an easy win, with the idea} Bxb5 $2 24. Qg5 $18) 22... Bd4 $8 23. Bxd4 Rxd4 {And this position isn't so easy, especially in time trouble!} 24. Qc5 (24. Qc1 Rxe2 25. b5 Be8 {and Black has big chances for a draw.}) 24... Rd2 25. b5 Rd5 26. Qc2 (26. Qxa7 Rxb5 {is not easy either.}) 26... Rxb5 27. f3 a5 28. Rd1 Rbe5 29. Rd2 $6 ({There as no reason not to play} 29. e4 {right away, with the idea} f5 $6 30. exf5 Bxf3 $4 31. Qb3+ $18) 29... a4 (29... Re3 {looked natural but after} 30. a4 Ra3 31. Rd4 Rae3 32. Kf2 {White has an easy life.}) 30. e4 f5 $1 31. exf5 Bxf3 32. Qc4+ Kh8 33. f6 gxf6 34. Kf2 $4 {Going crazy once and for all.} (34. Qf4 Bc6 35. Qxf6+ Kg8 {is however a draw.}) 34... Rf5 {Now it is Black who plays for a win.} 35. Qc1 $8 Bc6+ (35... Be2+ 36. Kg2 Bf1+ 37. Kg1 Bh3 {was worrying me but after} 38. Rd1 {everything seems fine!}) 36. Kg1 Rfe5 37. Kf2 Kg7 38. g4 $2 {No reason for such an ugly move!} h5 39. gxh5 Rxh5 40. Kg1 Rg5+ (40... Ree5 $1 {was apparently stronger, if} 41. Rd3 Reg5+ {White can't play g3, so the position is a nightmare and probably lost.}) 41. Kf1 Ree5 (41... Re4 $5 {seemed more annoying to me, although maybe after} 42. Rb2 {with the idea xb7+ White survives:} Rf5+ 43. Rf2 $11) 42. Rd4 $8 Bb5+ (42... Rc5 $1 {was the biggest choice according to the engine. Indeed, that wouldn't have been fun.}) 43. Kf2 Re2+ 44. Kf3 Rge5 45. Rd6 {The safest, with the idea to go xc6 whenever Black goes ...c6+. Luckily there doesn't seem to be a win for Black.} Rf5+ (45... Bc6+ 46. Rxc6 bxc6 47. Qxc6 R2e3+ 48. Kf4 Rxa3 49. Qb7+ $11) 46. Kg3 Rg5+ 47. Kf3 Rf5+ 48. Kg3 Rg5+ 1/2-1/2